| 000 | 01144nam a2200313 i 4500 | ||
|---|---|---|---|
| 001 | 132914 | ||
| 003 | ES-MaACL | ||
| 005 | 20260114132642.0 | ||
| 007 | t| | ||
| 008 | 070214s1923 sp |||| | spa d | ||
| 080 | _a821.134.2-34"19" | ||
| 080 | _a913(460) | ||
| 100 | 1 |
_aRoso de Luna, Mario, _d1872-1931 _999794 |
|
| 245 | 1 | 0 |
_aDel árbol de las Hespérides : _b(cuentos teosóficos españoles) / _cMario Roso de Luna. |
| 260 |
_aMadrid : _bPueyo, _c1923. |
||
| 300 |
_a226 p. ; _c24 cm. |
||
| 490 | 1 |
_aBiblioteca teosófica de las maravillas. Serie D ; _v1 |
|
| 490 | 1 |
_aObras completas de Mario Roso de Luna ; _v31 |
|
| 530 | _aDisponible en formato digital. | ||
| 650 | 4 |
_aLeyendas- _zEspaña. _914378 |
|
| 650 | 7 |
_aTeosofía _2embne _917478 |
|
| 651 | 4 |
_aEspaña- _xDescripción. _98184 |
|
| 830 | 1 |
_aBiblioteca teosófica de las maravillas. Serie D ; _v1 _9219680 |
|
| 830 | 1 |
_aObras completas de Mario Roso de Luna _v31 _9186911 |
|
| 852 |
_aES-MaACL _jC-4335 _cSPAL |
||
| 856 | 4 |
_uhttp://bdh-rd.bne.es/viewer.vm?id=0000074662&page=1 _y(Biblioteca Digital Hispánica) |
|
| 942 | _2udc | ||
| 999 |
_c132914 _d132914 |
||